Uplatnenie odpočítania dane a oprava odpočítanej dane

Odpočítanie dane v plnej výške. Pomerné odpočítanie dane. Odpočítanie dane pri investičnom majetku. Ďalšie možnosti odpočítania dane. Nemožnosť odpočítania dane. Odpočítanie dane a jeho uvádzanie v kontrolnom výkaze. Možnosť opravy odpočítanej dane.

Na minha lista:
Detalhes bibliográficos
Autor principal: Válek, Juraj, 1981-
Formato: Capítulo de Livro
Idioma:eslovaco
Assuntos:
Tags: Adicionar Tag
Sem tags, seja o primeiro a adicionar uma tag!

MARC

LEADER 00000naa a2200000 4500
001 0185890
005 20240502073200.3
041 0 |a slo 
044 |a SK 
245 1 0 |a Uplatnenie odpočítania dane a oprava odpočítanej dane  |c Juraj Válek 
520 |a Odpočítanie dane v plnej výške. Pomerné odpočítanie dane. Odpočítanie dane pri investičnom majetku. Ďalšie možnosti odpočítania dane. Nemožnosť odpočítania dane. Odpočítanie dane a jeho uvádzanie v kontrolnom výkaze. Možnosť opravy odpočítanej dane. 
610 2 0 |a odpočet dane 
610 2 0 |a úpravy právne 
100 1 |a Válek, Juraj, 1981-